00798cam a2200229 a 450000100100000000500170001000800410002704000230006808200140009110000440010524500450014925000110019426000320020530000270023749000350026465000270029965000290032683000470035591000340040295201170043699900150055300000486020240422104514.0920309s1982 sp a 000 0 spa  aDO-SdBNPcDLCdDLC annbB142s1 aBaeza Flores, Alberto,d1914-19989756510aSiempre la vida /cAlberto Baeza Flores. a1. ed. aBarcelona :bRondas,c1982. a30 p. :bil. ;c22 cm.1 aEl Poeta ante el espejovno. 2 4aPoesía chilena99166 4aLiteratura chilena93164 0aEl Poeta ante el espejono ;vno. 2.914089 aCatalogación por copia / LC 001052708MOaGRbGRcCTd2009-07-27iLF1l0onn B142sp4860-10r2020-06-25w2020-06-25y2ZPréstamo interno c4666d4666